| 000 | 00482nam a2200181Ia 4500 | ||
|---|---|---|---|
| 005 | 20221230121443.0 | ||
| 008 | 131103s9999 xx 000 0 und d | ||
| 040 | _aLoreto College | ||
| 041 | _aEnglish | ||
| 082 |
_a822.08 _bREE |
||
| 245 |
_aModern short plays _cSelected and Edited by Leslie Rees |
||
| 260 |
_aLondon _bAngus and Robertson _c1951 |
||
| 300 | _a294p. | ||
| 650 | _aEnglish Drama - collection | ||
| 700 | _aRees, Leslie; ed. | ||
| 850 | _aLCLIB | ||
| 942 | _cBK | ||
| 999 |
_c22034 _d72513 |
||